000 00614nam a2200217Ia 4500
003 GCL
008 140319s9999 xx 000 0 ara d
040 _aGCL /
_cGCL
082 0 4 _aم
_b503
_bا م
100 1 _aجميل جبر
245 1 0 _aالموسوعة فى علوم الطبيعة, ط2 /
_cجميل جبر
700 1 _aادوار غالب
260 _a[S.N] :
_bدار المشرق ،
_c1988
300 _a420 ص
650 0 4 _aموسوعات
650 0 4 _aالجيولوجيا
650 0 4 _aالنبات
650 0 4 _aالحيوان
650 0 4 _aالكتب المرجعية
942 _2ddc
_cREF
999 _c59238
_d59238